Postavenie Slovenskej komory certifikovaných účtovníkov v Slovenskej republike
Slovenská komora certifikovaných účtovníkov (SKCú), jej vznik, poslanie a činnosť. Projekt certifikácie profesie účtovník v SR. Komplexný vzdelávací program SKCú. Účtovníctvo v krajinách Vyšegrádskej štvorky.
Guardado en:
| Autor principal: | |
|---|---|
| Formato: | Capítulo de libro |
| Lenguaje: | eslovaco |
| Materias: | |
| Etiquetas: |
Sin Etiquetas, Sea el primero en etiquetar este registro!
|
MARC
| LEADER | 00000naa$a2200000$$$4500 | ||
|---|---|---|---|
| 001 | 0055678 | ||
| 005 | 20240502071632.7 | ||
| 041 | 0 | |a slo | |
| 044 | |a SK | ||
| 245 | 1 | 0 | |a Postavenie Slovenskej komory certifikovaných účtovníkov v Slovenskej republike |c Jozef Škultéty |
| 520 | |a Slovenská komora certifikovaných účtovníkov (SKCú), jej vznik, poslanie a činnosť. Projekt certifikácie profesie účtovník v SR. Komplexný vzdelávací program SKCú. Účtovníctvo v krajinách Vyšegrádskej štvorky. | ||
| 610 | 2 | 0 | |a účtovníctvo |
| 610 | 2 | 0 | |a Slovensko |
| 610 | 2 | 0 | |a účtovníci |
| 610 | 2 | 0 | |a certifikácia |
| 610 | 2 | 0 | |a certifikáty |
| 610 | 2 | 0 | |a inštitúcia |
| 610 | 2 | 0 | |a vzdelávanie ďalšie |
| 100 | 1 | |a Škultéty, Jozef | |